| 000 | 01009nam a2200265Ia 4500 | ||
|---|---|---|---|
| 008 | 130821s1985 mx gr spa | ||
| 040 |
_aCo-BoUCM _bspa |
||
| 041 | _aspa | ||
| 100 | _aMéxico Secretaría de Relaciones Exteriores | ||
| 245 |
_aPolítica exterior de México 175 años de historia _cSecretaría de Relaciones Exteriores |
||
| 260 |
_aMéxico D.F. (México) _bArchivo Histórico Diplom tico Mexicano _c1985 |
||
| 300 | _a4 volúmenes | ||
| 504 | _aIndices a final de cada volúmen | ||
| 650 | 0 | 4 |
_aDerecho comercial _912717 |
| 650 | 0 | 4 |
_aDerecho marítimo _912792 |
| 650 | 0 | 4 |
_aEconomía internacional _97543 |
| 650 | 0 | 4 |
_aFinanzas internacionales _915897 |
| 650 | 0 | 4 |
_aPaz _921202 |
| 650 | 0 | 4 |
_aZonas francas _926428 |
| 651 |
_aMéxico _bRelaciones internacionales _xHistoria _926656 |
||
| 651 |
_aMéxico _xPolítica y gobierno _926656 |
||
| 651 |
_aMéxico _xServicio diplomático y consular _926656 |
||
| 942 |
_cLIBRO _a21 _e1 _mM39P _2DEWEY _h972 |
||
| 999 |
_c3186 _d3186 |
||